[Event "NZL-ch Major op"]
[Site "Wanganui"]
[Date "2003.01.07"]
[Round "8"]
[White "Harris, Pascal"]
[Black "Martin Buss, Barry"]
[Result "0-1"]
[WhiteElo "1747"]
[BlackElo "1962"]
[PlyCount "92"]
[EventDate "2003.01.??"]
[EventType "swiss"]
[EventRounds "11"]
[EventCountry "NZL"]
[SourceTitle "EXT 2005"]
[Source "ChessBase"]
[SourceDate "2004.11.15"]
[SourceVersion "1"]
[SourceVersionDate "2004.11.15"]
[SourceQuality "1"]

1. d4 Nf6 2. c4 g6 3. Nc3 Bg7 4. e4 d6 5. Nf3 0-0 6. Be2 e5 7. d5 Na6 8. h3 Nc5 9. Qc2 a5 10. Be3 Ne8 11. Nd2 b6 12. g4 Bd7 13. 0-0-0 c6 14. h4 Nc7 15. h5 Rb8 16. hxg6 fxg6 17. Rh2 Rf7 18. Nf3 Bf6 19. g5 Be7 20. dxc6 Rxf3 21. Bxf3 Bxc6 22. Nb5 Nxb5 23. cxb5 Bxb5 24. Bxc5 bxc5 25. Qb3+ c4 26. Qc3 Bxg5+ 27. Kb1 Qb6 28. Be2 Kg7 29. Rdh1 h6 30. Rf1 Bf4 31. Rg2 Qd4 32. Qxd4 exd4 33. Rg4 g5 34. Rfg1 Kf6 35. Rh1 d3 36. Bf3 Kg7 37. Rgg1 Ba4 38. Bd1 Bc6 39. f3 c3 40. b3 a4 41. Rg2 d5 42. Re1 d4 43. Rg4 d2 44. Reg1 Be3 45. R1g3 axb3 46. axb3 Ba4 0-1

[Event "NZL-ch Major op"]
[Site "Wanganui"]
[Date "2003.01.06"]
[Round "6"]
[White "Bell, David I"]
[Black "Martin Buss, Barry"]
[Result "0-1"]
[WhiteElo "1577"]
[BlackElo "1962"]
[PlyCount "66"]
[EventDate "2003.01.??"]
[EventType "swiss"]
[EventRounds "11"]
[EventCountry "NZL"]
[SourceTitle "EXT 2005"]
[Source "ChessBase"]
[SourceDate "2004.11.15"]
[SourceVersion "1"]
[SourceVersionDate "2004.11.15"]
[SourceQuality "1"]

1. d4 Nf6 2. c4 g6 3. Nf3 Bg7 4. Nc3 0-0 5. e3 d6 6. Qb3 Nbd7 7. Be2 e5 8. 0-0 Re8 9. Rd1 e4 10. Nd2 c6 11. Qc2 Qe7 12. b4 Nf8 13. Bb2 Bf5 14. Nf1 d5 15. c5 h5 16. b5 h4 17. Rd2 Ne6 18. h3 Nh7 19. Bg4 Bxg4 20. hxg4 h3 21. gxh3 Qh4 22. f4 exf3 23. Rh2 Neg5 24. Nd1 Nxh3+ 25. Rxh3 Qxh3 26. Qh2 Qxg4+ 27. Ng3 Qe6 28. bxc6 bxc6 29. Bc1 Nf6 30. Nf2 Ng4 31. Nxg4 Qxg4 32. Kf2 Rab8 33. Qh1 Bxd4 0-1